| 000 | 01416nam0a2200349 i 4500 | ||
|---|---|---|---|
| 001 | RU\NLR\bibl\2018372 | ||
| 005 | 20260503053412.0 | ||
| 010 |
_a9785737905095 _9500 |
||
| 021 |
_aRU _b2013-19089 _91336 |
||
| 035 | _a(NLR Aleph) 002006726 | ||
| 090 |
_a4431196 _c4431196 |
||
| 100 | _a20131026d2012 k y0rusy50 ca | ||
| 101 | 0 | _arus | |
| 102 | _aRU | ||
| 105 | _ac ||||||||| | ||
| 200 | 1 |
_aДирижерско-симфоническое искусство _eмузыкально-эстетический и социально-психологический аспекты _eмонография _fБ.Ф. Смирнов |
|
| 205 | _a2-е изд., перераб. | ||
| 210 |
_aСанкт-Петербург _cКомпозитор _d2012 |
||
| 215 |
_a295 с. _cпортр. _d21 |
||
| 320 | _aБиблиогр.: с. 260-285 (360 назв.) | ||
| 320 | _aИмен. указ.: с. 286-290 | ||
| 606 | 1 |
_aДирижирование _92333815 _3RU\NLR\AUTH\661395433 |
|
| 606 | 1 |
_aСимфонический оркестр _91869519 _3RU\NLR\AUTH\66848521 |
|
| 686 | 1 | _aЩ310.715.1-7 | |
| 686 | 1 | _aЩ310.715.10 | |
| 700 | 1 |
_4070 _aСмирнов _bБ. Ф. _cд-р искусствоведения _gБорис Федорович _3RU\NLR\AUTH\770127790 _9127765 |
|
| 801 | 0 |
_aRU _bNLR _c20130402 _gRCR |
|
| 801 | 1 |
_aRU _bNLR _c20130402 |
|
| 830 | _aавт. по кн. | ||
| 942 | _cBOOK | ||
| 980 | _aNBR | ||